| 000 | 05682namaa22004211i 4500 | ||
|---|---|---|---|
| 003 | EG-GICUC | ||
| 005 | 20260427105816.0 | ||
| 008 | 260427s2025 ua a|||frm||| 000 0 eng d | ||
| 040 |
_aEG-GICUC _beng _cEG-GICUC _dEG-GICUC _erda |
||
| 041 | 0 |
_aeng _beng _bara |
|
| 049 | _aDeposit | ||
| 082 | 0 | 4 | _a338.9001 |
| 092 |
_a338.9001 _221 |
||
| 097 | _aM.Sc | ||
| 099 | _aCai01.03.02.M.Sc.2025.Ra.F | ||
| 100 | 0 |
_aRawan Tarek Ahmed Ali Hamoury, _epreparation. |
|
| 245 | 1 | 0 |
_aFiscal consolidation and economic growth: evidence from the MENA region / _cby Rawan Tarek Ahmed Ali Hamoury ; Supervisor Prof. Dr. Heidi Aly. |
| 246 | 1 | 5 | _aضبط أوضاع المالية العامة والنمو الإقتصادي: بالتطبيق على منطقة الشرق الأوسط وشمال افريقيا |
| 264 | 0 | _c2025. | |
| 300 |
_a173 pages : _billustrations ; _c25 cm. + _eCD. |
||
| 336 |
_atext _2rda content |
||
| 337 |
_aUnmediated _2rdamedia |
||
| 338 |
_avolume _2rdacarrier |
||
| 502 | _aThesis (M.Sc)-Cairo University, 2025. | ||
| 504 | _aBibliography: pages 160-167. | ||
| 520 | 3 | _aThis thesis investigates the short-term effects of fiscal consolidation on economic growth in six MENA countries: Egypt, Saudi Arabia, UAE, Morocco, Jordan, and Tunisia. The study employs both quantitative and narrative approaches to identify fiscal consolidation episodes, focusing on discretionary changes in taxes and government spending to reduce budget deficits. The research challenges the Keynesian perspective by examining cases where fiscal consolidation did not significantly hinder GDP growth in the short term. It contributes to the literature by providing an empirical analysis of the short-term impact of fiscal reforms, a topic less explored compared to long-term sustainability The study includes descriptive country case studies and an empirical methodology that employs panel OLS and panel IV estimation methods using panel data from 2000-2022. The results indicate that under the exogeneity assumption, fiscal adjustments can positively affect economic growth. However, when accounting for feedback effects, fiscal consolidation, particularly when identified using the narrative approach, correlates with a contraction in real GDP. The thesis concludes that the presence of non-Keynesian effects in the short run can be attributed to the exogeneity assumption. | |
| 520 | 3 | _aتستخدم هذه الرسالة طريقة تقدير المتغيرات الآلية الديناميكية لتحليل العلاقة بين التقشف المالي والنمو الاقتصادي في منطقة الشرق الأوسط وشمال إفريقيا، مع التركيز بشكل خاص على الآثار القصيرة الأجل للتقشف المالي. تستفيد الدراسة من نهجين لتحديد فترات التقشف: النهج الكمي (AA2010)، الذي يحدد فترة ضبط الوضع المالي عندما يتحسن الرصيد الأولي المعدل دورياً (CAPB) بأكثر من 1.5% من الناتج المحلي الإجمالي، والنهج السردي (IMF)، الذي يعتمد على الوثائق الميزانية والقرارات السياسية. تستخدم التحليل التجريبي مقدر Anderson and Hsiao (1982). تشير النتائج إلى أنه تحت فرضية الاستقلالية، ترتبط التعديلات المالية بتأثير إيجابي على النمو الاقتصادي. ومع ذلك، عندما يتم تخفيف فرضية الاستقلالية لأخذ تأثيرات التغذية الراجعة من تغيرات الناتج في قرارات التقشف المالية، تكشف النتائج عن تأثير انكماشي يبلغ حوالي 1.9% على الناتج المحلي الإجمالي الحقيقي خلال فترات التقشف المحددة بواسطة النهج السردي. يشير ذلك إلى أن التدابير المالية التي تستهدف تقليل العجز في الميزانية ليست مستقلة تمامًا عن تغيرات الناتج، مما يدل على أن عمليات التقشف المالي قد تكون انكماشية في الأجل القصير. تؤكد اختبارات القوة الإحصائية التي أجريت أيضًا أنه لا يوجد تأثير إيجابي من عمليات التقشف المالية على نمو الناتج من خلال القنوات المختلفة التي تم اختبارها، مثل إنفاق الاستثمار والاستهلاك الخاص. بشكل عام، تسلط الرسالة الضوء على أهمية النهج المستخدم لتحديد فترات التقشف المالي وتقدم أدلة على أن التعديلات المالية يمكن أن يكون لها تأثيرات متباينة على النمو الاقتصادي اعتمادًا على الافتراضات والأساليب الأساسية المستخدمة. | |
| 530 | _aIssues also as CD. | ||
| 546 | _aText in English and abstract in Arabic & English. | ||
| 650 | 0 | _aEconomic Growth | |
| 650 | 0 | _aالنمو الاقتصادي | |
| 653 | 1 |
_aFiscal consolidation _apublic finance _aeconomic growth _adynamic panel IV estimation _aMENA region _aضبط أوضاع المالية العامة _a النمو الإقتصادي |
|
| 700 | 0 |
_aHeidi Aly. _ethesis advisor. |
|
| 900 |
_b01-01-2025 _cHeidi Aly _UCairo University _FFaculty of Economics and Political Science _DDepartment of Economics |
||
| 905 | _aShimaa | ||
| 942 |
_2ddc _cTH _e21 _n0 |
||
| 999 | _c179754 | ||